000
00277nam a22001337a 4500
008
170731b xxu||||| |||| 00| 0 eng d
020
_a
9780697067227
041
_a
eng
080
_2
6TH
_a
004
100
_a
32
101
_a
SHK
245
_a
COBOL
_c
WOLFF,L
942
_2
udc
_c
BK
999
_c
22305
_d
22305